000 01086nam a2200289Ia 4500
003 OSt
005 20221005110631.0
006 a|||||r|||| 00| 0
007 ta
008 221004b |||||||| |||| 00| 0 hin d
020 _a9788126320028 (hbk)
_cINR 380.00
024 _a37085
037 _bBW/1691, 15/03/2018, Bookwell
_cTextual
040 _aCRL
_cCRL
_bhin
041 _2hin
_ahin
082 _aO152,3N4212,SK, Q0
100 _aकपिला, मधुर, ले.
245 0 _aसामने का आसमान
246 _aSāmane kā āsamāna
260 _aनई दिल्ली
_bभारतीय ज्ञानपीठ भारत
_c2010
300 _a378पृ0
_ccm.
490 _aलोकोदय ग्रन्थमाला; ग्रन्थांक 1055
650 _a हिन्दी साहित्य
650 _aहिन्दी कहानी
942 _hO152,3N4212,SK, Q0
_cTEXL
_2cc
999 _c1019405
_d1019405